MARC

LEADER 00000nam0a2200000 4500
001 249107
005 20231101232439.0
010 |a 5700000083 
035 |a (RuTPU)RU\TPU\book\271115 
090 |a 249107 
100 |a 20140131d1988 m y0rusy50 ca 
101 0 |a rus 
102 |a RU 
105 |a y z 001ay 
200 1 |a Ночевала тучка золотая  |e повести и рассказы  |f А. И. Приставкин 
210 |a Москва  |c Книжная палата  |d 1988 
215 |a 240 с. 
225 1 |a Популярная библиотека 
320 |a Вступительная статья: с. 5-11 
464 |t Птушенька  |o рассказ 
606 1 |a Русская литература современная  |2 stltpush  |3 (RuTPU)RU\TPU\subj\26373  |9 50316 
610 1 |a повести 
610 1 |a рассказы 
610 1 |a художественная литература 
675 |a Р2  |v 3 
700 1 |a Приставкин  |b А. И.  |c русский писатель  |f 1931-2008  |g Анатолий Игнатьевич  |2 stltpush  |3 (RuTPU)RU\TPU\pers\15445  |9 5357 
801 1 |a RU  |b 63413507  |c 20140131 
801 2 |a RU  |b 63413507  |c 20210929  |g RCR 
942 |c BK